000 00521nam a2200181Ia 4500
003 OSt
005 20200817124117.0
008 190216s9999||||xx |||||||||||||| ||und||
020 _a8185274584
040 _coclc
082 _a546
_bEME/M
100 _aEmeleus, H J
_94156
245 0 _aModern Aspects Of Inorganic Chemistry /
_cH J Emeleus ; A G Sharpe
260 _bUniversal Bookstall,
_c1996.
_aNewdelhi:
300 _a677p
650 _aChemistry
942 _cBK
_2ddc
_h546
_iEME/M
_k546
_mEME/M
999 _c2877
_d2877